Minecraft Loot: Bastion - Statistics

General Stats
  • This quiz has been taken 37 times
  • The average score is 22 of 37
Answer Stats
Pool Item Stack Size Weight % Correct
Pool 2(2) Gold Ingot 1-6 10%
94%
Pool 3(3-4) Gold Nugget 2-8 7.7%
87%
Pool 2(2) Block of Gold 1 10%
84%
Pool 2(2) Iron Ingot 1-6 10%
84%
Pool 3(3-4) Iron Nugget 2-8 7.7%
84%
Pool 2(2) Golden Helmet 1 5%
74%
Pool 2(2) Golden Sword 1 5%
74%
Pool 3(3-4) Obsidian 4-6 7.7%
74%
Pool 3(3-4) Arrow 5-17 15%
71%
Pool 2(2) Crying Obsidian 1-5 10%
71%
Pool 2(2) Golden Boots 1 5%
71%
Pool 2(2) Golden Boots with Soul Speed 1 5%
71%
Pool 2(2) Golden Chestplate 1 5%
71%
Pool 2(2) Golden Leggings 1 5%
71%
Pool 3(3-4) String 4-6 7.7%
68%
Pool 2(2) Crossbow 1 5%
65%
Pool 1(1) Damaged Enchanted Crossbow 1 6.7%
65%
Pool 1(1) Enchanted Book 1 11%
61%
Pool 1(1) Spectral Arrow 10-22 11%
61%
Pool 1(1) Ancient Debris 1 13%
58%
Pool 2(2) Golden Axe 1 5%
58%
Pool 1(1) Netherite Scrap 1 4.5%
58%
Pool 2(2) Block of Iron 1 10%
52%
Pool 1(1) Diamond Pickaxe 1 6.7%
52%
Pool 3(3-4) Gilded Blackstone 1-5 15%
52%
Pool 3(3-4) Magma Cream 2-6 15%
52%
Pool 1(1) Music Disc (Pigstep) 1 5.6%
48%
Pool 3(3-4) Bone Block 3-6 7.7%
45%
Pool 3(3-4) Cooked Porkchop 1 7.7%
45%
Pool 3(3-4) Iron Chain 2-10 7.7%
39%
Pool 5(1) Netherite Upgrade Smithing Template 1 10%
39%
Pool 4(1) Snout Armor Trim 1 8.3%
39%
Pool 1(1) Diamond Shovel 1 6.7%
35%
Pool 1(1) Snout Banner Pattern 1 10%
35%
Pool 1(1) Golden Apple 1 10%
32%
Pool 1(1) Golden Carrot 6-17 13%
29%
Pool 2(2) Iron Sword 1 10%
29%
No matching quizzes found
Score Distribution
Percent of People with Each Score
Percentile by Number Answered
Your Score History
You have not taken this quiz